000 00453nam a2200181Ia 4500
001 10491
005 20260306161836.0
008 260306t2007||||xx |||||||||||||| ||spa||
041 _aESP
082 _a937.06
_bM26
100 _aMarrou, Henri-Irénée
_eAUT
245 0 _aDecadenza romana o tarda antichità?:
_bIII-VI secolo
260 _c2007
300 _a158 páginas :
_c23 cm.
650 _aGEN
654 _aCHU
942 _cLIB
_dJUS
_fJUS
_2ddc
_n
999 _c10491
_d10491